1279 1342 1612 1862 1227 1150 1640 1160 1264 1208 1546 1575 1948 1013 1586 1225 1793 1873 1861 1420 1386 1748 1477 1067 1323 1574 1112 1515 1527 1183 1649 1979 1977 1845 1586 1926 1836 1999 1581 1053 1342 1774 1777 1515 1818 1417 1107 1908 1247 1922 1018 1806 1520 1166 1870 1005 1849 1666 1067 1929 1880 1352 1742 1071 1011 1823 1840 1884 1433 1461 1270 1515 1245 1744 1362 1197 1018 1228 1809 1750 1292 1850 1201 1493 1784 1937 1421 1173 1633 1979 1589 1236 1726 1367 1765 1354 1689 1189 1938 BCNSPRNW ULIB Ver.6.0+V

เปลี่ยนเป็นภาษาไทย

Change to English
 แสดงรายละเอียดบรรณานุกรม
  กลับหน้าหลัก

Brief Record : Get Marc (ISO 2709) : E-mail record : QR code < ปิดหน้าต่าง
LEADER : 00000nam 2200000uu 4500
001    13399111588
003     ULIB
008    110703s||||||||th 000 0 tha d
020    9749355318
050  4 BQ4570^bพ418บ 2549
100 0  พระชาญชัย อธิปญโญ
245 10 บัญชีชีวิต /^cพระอาจารย์ชาญชัย อธิปญฺโญ
250    พิมพ์ครั้งที่ 3
260    กรุงเทพฯ :^bออฟเซ็ท เพรส,^c2549
300    116 หน้า ;^c21 ซม.
650  7 การดำเนินชีวิต
650  7 ธรรมะ
650  7 ธรรมะกับชีวิตประจำวัน
945    ^p0^l0^i019552
995    ทศพร
999 ^a ใช้งานได้ทุกระบบ
รายการนี้ยังไม่มีแท็ก
คุณยังไม่ได้ล็อกอิน คุณสามารถมีกิจกรรมร่วมกับเว็บไซต์ได้ แต่ต้องล็อกอินก่อน ::
  ล็อกอิน

รายการสื่อสารสนเทศ

ลำดับที่ ประเภท เลขเรียก/บาร์โค้ด สถานที่ สถานะ
- ไม่พบข้อมูล -

รายการใกล้เคียง
    ผู้แต่ง [พระชาญชัย อธิปญโญ]

    หัวเรื่อง [การดำเนินชีวิต]
    หัวเรื่อง [ธรรมะ]
    หัวเรื่อง [ธรรมะกับชีวิตประจำวัน]

BibComment


ยังไม่เคยถูกคอมเมนท์

คอมเมนท์ทรัพยากรรายการนี้
  คอมเมนท์: บัญชีชีวิต พระอา..


 Copyright 2026. Bcnsprnw @Library